000 00444nam a2200193Ia 4500
005 20240823054322.0
008 240823s9999||||xx |||||||||||||| ||und||
020 _a978-93-84052-37-9
041 _aENGLISH
082 _A832.912 Q5
100 _aBertolt Brecht
245 0 _aMother Courage and Her Children
250 _a1st
260 _c2015
_bBlooms
500 _aYES
650 _aGeneral
_bGeneral
942 _cBK
999 _c226179
_d226179